| 000 | 01043cam a2200253 4500 | ||
|---|---|---|---|
| 001 | ABS66019 | ||
| 008 | 021024n2002 000 0 eng u | ||
| 035 | _a(Sirsi) u120244 | ||
| 100 | _aPetherick, D. | ||
| 245 | _aRevision of the Part M Building Regulation | ||
| 260 | _c2002 | ||
| 490 |
_aAccess by Design _v(92) Autumn 2002, 13-19(6) |
||
| 520 | _aThe draft Approved Document Part M has now been published. This article takes a look at the background to the document, the reasoning behind the proposed amendments and discusses the main changes that the new draft contains. Gives a checklist of comparison between the existing and proposed Part M. | ||
| 590 | _aABS | ||
| 650 | _aPART M | ||
| 650 | _aBUILDING REGULATIONS 1995 | ||
| 650 | _aCONSULTATION | ||
| 650 | _aAMENDMENTS | ||
| 650 | _aMANAGEMENT-BUSINESS MANAGEMENT-DISCRIMINATION-DISABILITY DISCRIMINATION-ACCESSIBILITY | ||
| 650 | _aDISABILITY DISCRIMINATION ACT 1995 | ||
| 650 | _aBS 8300: 2001 | ||
| 690 | _aBUILDING AND CONSTRUCTION-REGULATIONS | ||
| 942 | _n0 | ||
| 999 |
_c71433 _d71433 |
||